Statistiques concernant Avez-vous vu le film Barbie (2023) ?

Cliquez ici pour prendre le quiz!

Statistiques générales

  • Ce quiz a été pris 627 fois
  • Le résultat moyen est 7 sur 10

Statistiques - réponses

QuestionRéponse% Correct
Qui va voir Barbie pour comprendre ce qui lui arrive ?Barbie Bizarre
92%
Quelle Barbie est interprétée par Margot Robbie ?Barbie Stéréotypée
92%
Selon Ken, à quel animal est associé le patriarcat ?Aux chevaux
83%
Pourquoi Barbie commence à avoir des pensées sombres ?La personne qui joue avec elle a des pensées sombres aussi
79%
Qui a réalisé le film ?Greta Gerwig
78%
Quel est le métier de Ken interprété par Ryan Gosling ?Plage
76%
Avec qui Barbie a-t-elle rendez-vous à la fin du film ?Son gynécologue
75%
Afin de décider si elle restait à Barbie Land ou si elle se rendait dans le monde réel, Barbie a dû choisir entre des chaussures à talon et quelle autre type de chaussure ?Des Birkenstocks
59%
Pourquoi les employés de Mattel recherchent Barbie ?Pour la remettre dans sa boîte
59%
Qui est la créatrice de Barbie ?Ruth Handler
52%

Distribution des résultats

Percentile par nombre de réponses

% des personnes avec chaque résultat

Votre développement - résultats

Vous n’avez pas pris ce quiz